000 00903cam a22001934a 4500
005 20250605163958.0
008 250528s ||||||||||||||||||||||||d
035 _a15555
020 _a77078225
040 _aGR-AtMCL
_bgre
_dGR-AtMCL
_eAACR2
245 1 _aComputer Communications / Principles and Business Applications
260 _bMcgraw Hill Book Company,
_c1994
300 _a280
520 _aA valuable book for anyone intetrested in the applications of computer networks. Preface, Acknowledgements, Principles, Data Transmission, Protocols, Standards, Networks, Connections: X25 - ISDN and Private Circuits, Business Applications, Network Application - Electronic Mail, Network Application - File Transfer, Network Application - Electronic Data Interchange, Mobile Data Communications, Glossary, Index.
700 1 _aSloane Andy
_91507
942 _cBK
999 _c1126
_d1126